Missing Word: US Civil Rights History A-Z Quiz Stats

Quiz Updated Feb 6, 2016

Challenge
Share
Tweet
Embed
Score 0/24 Timer 03:00
1 Play Today
Hint Answer % Correct
Martin ____ King, Jr.Luther
98.2%
Susan B. ____Anthony
94.8%
Brown v. Board of ____ - 1954Education
92.4%
____ KellerHelen
91%
Rodney ____ Riots - 1992King
88.7%
March on ____ - 1963Washington
86.4%
W.E.B. Du ____Bois
83.7%
____ DouglassFrederick
80.8%
____ SteinemGloria
77.1%
Sojourner ____Truth
74.4%
____ ChavezCesar
72%
____ Farm WorkersUnited
69.8%
Hint Answer % Correct
____ Labor Relations ActNational
67.9%
Harvey ____Milk
61.4%
National ____ for WomenOrganization
56.4%
Amendment ____ - women's suffrageXIX
54%
____ Falls Convention - 1848Seneca
51.4%
Stonewall ____ - 1969Riots
49.6%
____ BaldwinJames
48.7%
____ B. WellsIda
33.5%
Loving v. ____ - 1967Virginia
28.2%
Sí, Se ____Puede
25.3%
Howard ____Zinn
16.2%
____ HuertaDolores
12.9%

Today's Daily Dose

Missing Word
1974 Movies A-Z

Word Ladder
The White Album

Quick Pick
Gods of War

On This Day
February 22nd II

You're not logged in!

Compare scores with friends on all Sporcle quizzes.
Sign Up with Email
OR
Log In

You Might Also Like...

Show Comments

Extras

Top Quizzes Today


Score Distribution

Your Account Isn't Verified!

In order to create a playlist on Sporcle, you need to verify the email address you used during registration. Go to your Sporcle Settings to finish the process.